[Event "Sopo Region-ch (Women)"]
[Site "Sopo"]
[Date "2021.07.25"]
[Round "5"]
[White "Alvarado Quintero, Laura Natalia"]
[Black "Sarmiento, Erika Daniela"]
[Result "1-0"]
[WhiteElo "1323"]
[BlackElo "1360"]
[PlyCount "63"]
[EventDate "2021.07.24"]
[EventType "swiss"]
[EventRounds "5"]
[EventCountry "COL"]
[SourceTitle "EXT 2022"]
[Source "ChessBase"]
[SourceDate "2021.10.06"]
[SourceVersion "1"]
[SourceVersionDate "2021.10.06"]
[SourceQuality "1"]

1. e4 e5 2. Nf3 Nc6 3. Bc4 Bc5 4. Nc3 Nf6 5. d3 h6 6. Be3 Bb6 7. 0-0 d6 8. h3 Be6 9. Bb3 0-0 10. d4 Ne7 11. d5 Bd7 12. Nd2 c6 13. a4 Ng6 14. Nc4 Bc7 15. f4 cxd5 16. exd5 Nh7 17. Ne4 Bf5 18. Ng3 Bc8 19. Nh5 exf4 20. Nxf4 Ng5 21. Nxg6 fxg6 22. Rxf8+ Kxf8 23. Bxg5 Qxg5 24. Qf3+ Kg8 25. Rf1 Qe7 26. c3 b6 27. Bc2 Ba6 28. b3 g5 29. Qf5 g6 30. Qxg6+ Qg7 31. Qe6+ Kh8 32. Rf7 1-0

[Event "Sopo Region-ch (Women)"]
[Site "Sopo"]
[Date "2021.07.24"]
[Round "1"]
[White "Sanchez, Sonia Ximena"]
[Black "Alvarado Quintero, Laura Natalia"]
[Result "1/2-1/2"]
[WhiteElo "1755"]
[BlackElo "1323"]
[PlyCount "38"]
[EventDate "2021.07.24"]
[EventType "swiss"]
[EventRounds "5"]
[EventCountry "COL"]
[SourceTitle "EXT 2022"]
[Source "ChessBase"]
[SourceDate "2021.10.06"]
[SourceVersion "1"]
[SourceVersionDate "2021.10.06"]
[SourceQuality "1"]

1. e4 c5 2. Nf3 d6 3. d4 cxd4 4. c3 Nf6 5. Bd3 dxc3 6. Nxc3 g6 7. Bf4 Bg7 8. 0-0 Nc6 9. h3 0-0 10. Qe2 Bd7 11. Rfd1 Rc8 12. Rac1 a6 13. Bb1 b5 14. a3 Qb6 15. e5 dxe5 16. Nxe5 Nxe5 17. Bxe5 Bc6 18. Bd4 Qb7 19. f3 e6 1/2-1/2